[Event "Arab-ch"]
[Site "Khartoum"]
[Date "2023.03.05"]
[Round "9"]
[White "Khtab, Kamal"]
[Black "Mohamed Vall, Sidi Mohamed Herma"]
[Result "1-0"]
[WhiteElo "1981"]
[BlackElo "1690"]
[PlyCount "55"]
[EventDate "2023.02.26"]
[EventType "swiss"]
[EventRounds "9"]
[EventCountry "SUD"]
[SourceTitle "CBM 213 Extra"]
[Source "ChessBase"]
[SourceDate "2023.05.31"]
[SourceVersion "1"]
[SourceVersionDate "2023.05.31"]
[SourceQuality "1"]

1. d4 d5 2. c4 e6 3. Nc3 c6 4. e4 dxe4 5. Nxe4 Be7 6. Nf3 Nf6 7. Bd3 Nbd7 8. Qc2 Nxe4 9. Bxe4 Nf6 10. Bd3 0-0 11. Bd2 a5 12. a3 Bd7 13. Ne5 c5 14. dxc5 Bxc5 15. Bc3 h6 16. 0-0-0 Qc7 17. g4 Bc6 18. Rhg1 Nd7 19. Qe2 f6 20. Nxd7 Bxd7 21. Qe4 Kf7 22. Qg6+ Ke7 23. Qxg7+ Rf7 24. Bxf6+ Ke8 25. Bg6 Ba4 26. Rge1 Be3+ 27. Rxe3 Qxc4+ 28. Rc3 1-0

[Event "Arab-ch"]
[Site "Khartoum"]
[Date "2023.03.03"]
[Round "7"]
[White "Abadame, Mohamed Abdalla"]
[Black "Mohamed Vall, Sidi Mohamed Herma"]
[Result "0-1"]
[WhiteElo "1653"]
[BlackElo "1690"]
[PlyCount "96"]
[EventDate "2023.02.26"]
[EventType "swiss"]
[EventRounds "9"]
[EventCountry "SUD"]
[SourceTitle "CBM 213 Extra"]
[Source "ChessBase"]
[SourceDate "2023.05.31"]
[SourceVersion "1"]
[SourceVersionDate "2023.05.31"]
[SourceQuality "1"]

1. d4 d5 2. c4 e6 3. Nc3 c6 4. cxd5 exd5 5. Bf4 Nf6 6. e3 Be7 7. Nf3 Nbd7 8. Bd3 0-0 9. 0-0 Re8 10. Rb1 a5 11. a3 b5 12. b4 axb4 13. axb4 Bb7 14. Qd2 Qb6 15. Na2 Ra4 16. Rb2 Rea8 17. Rfb1 Qa6 18. Nc1 Nb6 19. Qe2 Nc4 20. Rb3 Ra1 21. e4 Nxe4 22. Bxe4 dxe4 23. Qxe4 Bf8 24. Qd3 f6 25. Nd2 Nxd2 26. Qxd2 Bc8 27. d5 Rxb1 28. Rxb1 cxd5 29. Qxd5+ Qe6 30. Qd2 Bb7 31. Rb3 Rd8 32. Rd3 Rxd3 33. Nxd3 Qg4 34. Bg3 h5 35. Qa2+ Kh7 36. f3 Qd4+ 37. Nf2 Bxb4 38. Qc2+ Kh8 39. h3 h4 40. Bb8 Bc5 41. Qe2 Bc6 42. Kh2 Qxf2 43. Qd1 Qd4 44. Qc1 b4 45. Bc7 b3 46. Bf4 b2 47. Qb1 Qg1+ 48. Qxg1 Bxg1+ 0-1

[Event "Arab-ch"]
[Site "Khartoum"]
[Date "2023.03.02"]
[Round "5"]
[White "Mohamed Vall, Sidi Mohamed Herma"]
[Black "Mahamat, Hachim Bachar"]
[Result "0-1"]
[WhiteElo "1690"]
[BlackElo "1718"]
[PlyCount "116"]
[EventDate "2023.02.26"]
[EventType "swiss"]
[EventRounds "9"]
[EventCountry "SUD"]
[SourceTitle "CBM 213 Extra"]
[Source "ChessBase"]
[SourceDate "2023.05.31"]
[SourceVersion "1"]
[SourceVersionDate "2023.05.31"]
[SourceQuality "1"]

1. e4 e5 2. Nf3 Nc6 3. Bc4 Bc5 4. b4 Bxb4 5. c3 Ba5 6. d4 exd4 7. 0-0 Nf6 8. Bg5 h6 9. Bh4 d6 10. Qb3 0-0 11. cxd4 Qe7 12. Nc3 Bxc3 13. Qxc3 Qxe4 14. Bxf6 gxf6 15. Rfe1 Qg6 16. Re3 Kh8 17. Rae1 Bd7 18. Bd3 Qg7 19. d5 Ne5 20. Nxe5 fxe5 21. Qxc7 f5 22. Qxd6 e4 23. Rg3 Rf6 24. Qe5 Rg6 25. Qxg7+ Kxg7 26. Bc4 Rc8 27. Bb3 Rxg3 28. hxg3 a5 29. f3 a4 30. Bd1 Rc4 31. g4 Kf6 32. gxf5 Bxf5 33. g4 Bg6 34. f4 b5 35. Be2 Rc5 36. Rb1 Be8 37. Rb4 Rxd5 38. Rxe4 Bc6 39. Rb4 Ke7 40. Bf3 Rc5 41. Bxc6 Rxc6 42. Rxb5 Rc1+ 43. Kf2 Rc2+ 44. Ke3 Rxa2 45. Ke4 a3 46. Rh5 Ra1 47. Rxh6 a2 48. Kf5 Re1 49. Rh7+ Kf8 50. Ra7 a1Q 51. Rxa1 Rxa1 52. g5 Kf7 53. g6+ Kg7 54. Kg5 Rg1+ 55. Kh5 Rxg6 56. Kh4 Kf6 57. Kh3 Kf5 58. Kh2 Kxf4 0-1

[Event "Arab-ch"]
[Site "Khartoum"]
[Date "2023.02.26"]
[Round "1"]
[White "Mohamed Vall, Sidi Mohamed Herma"]
[Black "Ammar, Sedrani"]
[Result "0-1"]
[WhiteElo "1690"]
[BlackElo "2183"]
[PlyCount "45"]
[EventDate "2023.02.26"]
[EventType "swiss"]
[EventRounds "9"]
[EventCountry "SUD"]
[SourceTitle "CBM 213 Extra"]
[Source "ChessBase"]
[SourceDate "2023.05.31"]
[SourceVersion "1"]
[SourceVersionDate "2023.05.31"]
[SourceQuality "1"]

1. d4 d5 2. Bf4 c5 3. e3 Nc6 4. c3 Qb6 5. Qb3 c4 6. Qxb6 axb6 7. e4 e5 8. Nd2 b5 9. Ngf3 Nf6 10. h3 Be7 11. g4 0-0 12. Bg2 Nd7 13. 0-0 Nb6 14. a3 Na4 15. Rab1 h6 16. Nxe5 Be6 17. Bg3 Rfe8 18. f4 f6 19. Ng6 Bxa3 20. bxa3 Nxc3 21. Rbe1 Nxd4 22. f5 Bf7 23. Bd6 0-1